Sports Quiz

Random Sports Quiz

MLB Teams by Spring Training Locations Quiz Stats

 Plays Quiz not verified by Sporcle

Challenge
Share
Tweet
Embed
Score 0/25 Timer 06:00
0 Plays Today
League Team % Correct
Grapefruit LeagueNew York Yankees
85.2%
Cactus LeagueChicago Cubs
64.9%
Grapefruit LeagueNew York Mets
64.2%
Cactus LeagueChicago White Sox/Los Angeles Dodgers
63.9%
Grapefruit LeaguePhiladelphia Phillies
63.4%
Grapefruit LeagueBoston Red Sox
61.3%
Grapefruit LeagueFlorida Marlins/St. Louis Cardinals
59%
Grapefruit LeagueToronto Blue Jays
58.7%
Grapefruit LeagueAtlanta Braves
57.9%
Grapefruit LeagueDetroit Tigers
57.1%
Grapefruit LeaguePittsburgh Pirates
56.1%
Cactus LeagueSan Francisco Giants
55.3%
Grapefruit LeagueMinnesota Twins
54.5%
League Team % Correct
Cactus LeagueSan Diego Padres/Seattle Mariners
54.3%
Cactus LeagueCincinnati Reds/Cleveland Indians
54%
Grapefruit LeagueTampa Bay Rays
52.7%
Cactus LeagueKansas City Royals/Texas Rangers
52.2%
Cactus LeagueArizona Diamondbacks
52.2%
Cactus LeagueLos Angeles Angels of Anaheim
51.2%
Grapefruit LeagueBaltimore Orioles
51.2%
Cactus LeagueOakland Athletics
50.9%
Cactus LeagueColorado Rockies
50.4%
Grapefruit LeagueHouston Astros
50.4%
Grapefruit LeagueWashington Nationals
49.4%
Cactus LeagueMilwaukee Brewers
46.5%

You're not logged in!

Compare scores with friends on all Sporcle quizzes.
OR
Log In

You Might Also Like...

Show Comments

Extras

Created Mar 9, 2010SourceReportNominate

Top Quizzes Today


Score Distribution

Your Account Isn't Verified!

In order to create a playlist on Sporcle, you need to verify the email address you used during registration. Go to your Sporcle Settings to finish the process.

Report this User

Report this user for behavior that violates our Community Guidelines.

Details: